000 01121cam a22002897a 4500
001 14429410
005 20180110072603.0
008 060627s2008 mau b 001 0 eng
010 _a 2006046620
020 _a9780073337739 (value ed.)
020 _a0073337730 (value ed.)
020 _a9780073027203 (student ed : alk. paper)
020 _a0073027200 (student ed : alk. paper)
020 _a9780073257433 (AIE : alk. paper)
020 _a0073257435 (AIE : alk. paper)
040 _aDLC
_cDLC
_dDLC
041 _aeng
080 _a658.15 BLO
082 0 0 _a658.15 BLO
_222
100 1 _a55
101 _aMNGF
245 1 0 _aFoundations of financial management /
_cStanley B. Block, Geoffrey A. Hirt.
504 _aIncludes bibliographic references and index.
906 _a7
_bcbc
_corignew
_d1
_eocip
_f20
_gy-gencatlg
942 _2ddc
_cBK
999 _c39991
_d39991